000 01686cam a22003015a 4500
001 L142152
008 080125s2007 xxk e f u 000 0 eng d
020 _a085073052X
035 _a(Sirsi) u142152
041 _aeng
050 _a693.71 BRI $2 18
110 _aBritish Constructional Steelwork Association
_91564
245 _aNational structural steelwork specification for building construction
250 _a5th ed.
260 _aLondon
_bBritish Constructional Steelwork Association
_c2007
300 _a76 p.
_bill.
_c21 cm.
490 0 _aBCSA & SCI Publication
_vno. 203/07
505 2 _aScope -- Definitions -- Information required by the steelwork contractor -- Materials -- Information provided by the steelwork contractor -- Workmanship-General -- Workmanship-Welding -- Workmanship-Bolting -- Workmanship-Accuracy of fabrication -- Workmanship-Erection -- Workmanship-Accuracy of erected steelwork -- Protective treatment -- Quality assurance -- Annexes
520 _aSupersedes the precedent ed. L142152
520 _aDesigned in accordance with BS 5950-1 and BS EN 1993-1-1 (Eurocode 3, part 1.1.), this specification can be used for all types of construction designed for static loading. Covers information to be included in a Project Specification as well as materials, workmanship, erection of steelwork, the protective treatment and quality assurance. Annexes on quality management.
590 _aKA
650 _aSTRUCTURAL STEELWORK
650 _aSPECIFICATION
651 4 _aEngland and Wales
_y1543-
690 _aBUILT ENVIRONMENT-CONSTRUCTION DESIGN-CONSTRUCTION SPECIFICATION
710 _aSteel Construction Institute
_91900
942 _n0
999 _c107848
_d107848